书目信息 |
| 题名: |
美国中央情报局绝密行动
|
|
| 作者: | 詹静芳 , 詹幼鹏 著 | |
| 分册: | ||
| 出版信息: | 哈尔滨 北方文艺出版社 2017 |
|
| 页数: | 296页 | |
| 开本: | 24cm | |
| 丛书名: | ||
| 单 册: | ||
| 中图分类: | D771.236 , I253.1 | |
| 科图分类: | ||
| 主题词: | 情报机构--qing bao ji gou--史料--美国 , 纪实文学--ji shi wen xue--中国--当代 | |
| 电子资源: | ||
| ISBN: | 978-7-5317-3861-9 | |
| 000 | 01296nam0 2200313 450 | |
| 001 | 012001006257 | |
| 005 | 20191023143621.62 | |
| 010 | @a978-7-5317-3861-9@dCNY36.00 | |
| 099 | @aCAL 012017122671 | |
| 100 | @a20170810d2017 em y0chiy50 ea | |
| 101 | 0 | @achi |
| 102 | @aCN@b230100 | |
| 105 | @aa z 000zy | |
| 106 | @ar | |
| 200 | 1 | @a美国中央情报局绝密行动@Amei guo zhong yang qing bao ju jue mi xing dong@d= Top secret of C.I.A.@f詹静芳, 詹幼鹏著@zeng |
| 205 | @a第2版 | |
| 210 | @a哈尔滨@c北方文艺出版社@d2017 | |
| 215 | @a296页@c图@d24cm | |
| 330 | @a本书是一部纪实文学作品, 通过翔实的资料、生动的叙述, 全景展现美国中央情报局的发展历程, 重点描写了其在二战期间的独特作用, 为读者揭秘世界上最精锐最神秘的情报组织的真实情况, 通过对其经典谍报案例, 天才谍报人物的介绍, 栩栩如生地展示了中央情报局的兴衰, 和其在为保卫国家利益方面做的非同寻常的贡献。 | |
| 510 | 1 | @aTop secret of C.I.A.@zeng |
| 601 | 02 | @a中央情报局 (美国)@Azhong yang qing bao ju ( mei guo )@x史料 |
| 606 | 0 | @a情报机构@Aqing bao ji gou@x史料@y美国 |
| 606 | 0 | @a纪实文学@Aji shi wen xue@y中国@z当代 |
| 690 | @aD771.236@v5 | |
| 690 | @aI253.1@v5 | |
| 701 | 0 | @a詹静芳@Azhan jing fang@4著 |
| 701 | 0 | @a詹幼鹏@Azhan you peng@4著 |
| 801 | 2 | @aCN@b上海新华@c20191020 |
| 905 | @b1131270-3@dD771.236@e457=2@f4 | |
| 美国中央情报局绝密行动= Top secret of C.I.A./詹静芳, 詹幼鹏著.-第2版.-哈尔滨:北方文艺出版社,2017 |
| 296页:图;24cm |
| ISBN 978-7-5317-3861-9:CNY36.00 |
| 本书是一部纪实文学作品, 通过翔实的资料、生动的叙述, 全景展现美国中央情报局的发展历程, 重点描写了其在二战期间的独特作用, 为读者揭秘世界上最精锐最神秘的情报组织的真实情况, 通过对其经典谍报案例, 天才谍报人物的介绍, 栩栩如生地展示了中央情报局的兴衰, 和其在为保卫国家利益方面做的非同寻常的贡献。 |
| ● |
| 相关链接 |
|
|
|
|
正题名:美国中央情报局绝密行动
索取号:D771.236/457=2
 
预约/预借
| 序号 | 登录号 | 条形码 | 馆藏地/架位号 | 状态 | 备注 |
| 1 | 1131270 | 211312701 | 第一样本阅览室/ [索取号:D771.236/457=2] | 在馆 | |
| 2 | 1131271 | 211312710 | 第一借阅区/ [索取号:D771.236/457=2] | 在馆 | |
| 3 | 1131272 | 211312729 | 第一借阅区/ [索取号:D771.236/457=2] | 在馆 | |
| 4 | 1131273 | 211312738 | 第一借阅区/ [索取号:D771.236/457=2] | 在馆 |